| 000 | 00866cam a22001811 4500 | ||
|---|---|---|---|
| 082 |
_a624.18341 _bGRU _cL-19, P-30 |
||
| 100 | 1 |
_aGrundy, Rupert Francis Brooks. [from old catalog] _943287 |
|
| 245 | 1 | 4 |
_aThe essentials of reinforced concrete design; _ba simplified text-book with special reference to both old and new L.C.C. regulations and to the code of practice of the Building research board, _cby R.F.B. Grundy ... With numerous diagrams, tables, and worked examples. |
| 260 |
_aLondon, _bChapman & Hall, ltd., _c1939. |
||
| 300 |
_axi, 134 p. incl. tables, diagrs. _c26 cm. |
||
| 500 | _a"Reinforced concrete notation" on lining-papers. | ||
| 526 |
_a0 _b0 _c0 _d624_183410000000000_GRU |
||
| 650 | 0 |
_aBuilding laws _zGreat Britain. _943288 |
|
| 650 | 0 | _aConcrete construction. | |
| 650 | 0 |
_aMCE _9379 |
|
| 650 | 0 |
_aReinforced concrete. _940928 |
|
| 942 |
_2ddc _cBK |
||
| 999 |
_c547107 _d547107 |
||